| 000 | 00333nam a2200121 a 4500 | ||
|---|---|---|---|
| 001 | 000044909 | ||
| 005 | 20201002045725.0 | ||
| 008 | 150119s2004 dr 000 0 spa d | ||
| 040 |
_aDO-SdBNP _bspa _cBNPHU |
||
| 245 | 0 | 0 | _aAsume el Reto Sé parte del Intec. |
| 260 |
_aSanto Domingo : _bINTEC, _c[200?]. |
||
| 300 |
_a16 p. : _bils. ; _c21. |
||
| 999 |
_c44398 _d44398 |
||